Svensk botanisk tidskrift.

Bibliographic Details
Corporate Author: Svenska botaniska föreningen
Format: Journal
Language:Swedish
Published: Uppsala. [publisher not identified] ;
Subjects:
Online Availability: Check for online availability

MARC

Tag First Indicator Second Indicator Subfields
LEADER 00000cas a2200000 4500
001 in00000235321
005 20151010051548.0
008 750907c19079999sw qr p 0uu1a0swe
010 |a  50025967  
022 |a 0039-646X 
035 |a (OCoLC)01607330 
035 |9 ABB6660AM 
040 |a MUL  |c MUL  |d COO  |d TXA  |d UtOrBLW 
049 |a TXAE 
050 0 |a QK1  |b .S93 
245 0 0 |a Svensk botanisk tidskrift. 
264 1 |a Uppsala.  |b [publisher not identified] ; 
300 |a  volumes :  |b illustrations, maps. ;  |c 25 cm.  |a quarterly. 
336 |a text  |b txt  |2 rdacontent 
337 |a unmediated  |b n  |2 rdamedia 
338 |a volume  |b nc  |2 rdacarrier 
362 1 |a Began publication in 1907.  |z Cf. Union list of serials. 
550 |a "Utgiven av Svenska botanisja foreningen." 
555 |a Vols. 21-40, 1927-46. 1 v. 
650 0 |a Botany  |v Periodicals. 
650 0 |a Botany  |z Sweden. 
710 2 |a Svenska botaniska föreningen. 
999 |a MARS 
999 f f |s fa264dbd-7c07-31e4-85b0-7bdb51227bd6  |i 9069d04e-75f7-3b76-b615-bba58bf4b807  |t 0 
952 f f |a Texas A&M University  |b Rellis Campus  |c Joint Library Facility  |d Remote Storage  |e QK1 .S93  |h Library of Congress classification  |i unmediated -- volume  |k v.29  |l 1935  |m A14852543173  |p ric  |s JLF  |t 0 
952 f f |a Texas A&M University  |b Rellis Campus  |c Joint Library Facility  |d Remote Storage  |e QK1 .S93  |h Library of Congress classification  |i unmediated -- volume  |k v.103  |l 2009  |m A14839118489  |p ric  |s JLF  |t 0 
952 f f |a Texas A&M University  |b Rellis Campus  |c Joint Library Facility  |d Remote Storage  |e QK1 .S93  |h Library of Congress classification  |i unmediated -- volume  |k v.34  |l 1940  |m A14852543223  |p ric  |s JLF  |t 0 
952 f f |a Texas A&M University  |b Rellis Campus  |c Joint Library Facility  |d Remote Storage  |e QK1 .S93  |h Library of Congress classification  |i unmediated -- volume  |k v.47  |l 1953  |m A14852543355  |p ric  |s JLF  |t 0 
952 f f |a Texas A&M University  |b Rellis Campus  |c Joint Library Facility  |d Remote Storage  |e QK1 .S93  |h Library of Congress classification  |i unmediated -- volume  |k v.97  |l 2003  |m A14831462737  |p ric  |s JLF  |t 0 
952 f f |a Texas A&M University  |b Rellis Campus  |c Joint Library Facility  |d Remote Storage  |e QK1 .S93  |h Library of Congress classification  |i unmediated -- volume  |k v.28  |l 1934  |m A14852543165  |p ric  |s JLF  |t 0 
952 f f |a Texas A&M University  |b Rellis Campus  |c Joint Library Facility  |d Remote Storage  |e QK1 .S93  |h Library of Congress classification  |i unmediated -- volume  |k v.15  |l 1921  |m A14852543033  |p ric  |s JLF  |t 0 
952 f f |a Texas A&M University  |b Rellis Campus  |c Joint Library Facility  |d Remote Storage  |e QK1 .S93  |h Library of Congress classification  |i unmediated -- volume  |k v.18  |l 1924  |m A14852543066  |p ric  |s JLF  |t 0 
952 f f |a Texas A&M University  |b Rellis Campus  |c Joint Library Facility  |d Remote Storage  |e QK1 .S93  |h Library of Congress classification  |i unmediated -- volume  |k v.43  |l 1949  |m A14852543314  |p ric  |s JLF  |t 0 
952 f f |a Texas A&M University  |b Rellis Campus  |c Joint Library Facility  |d Remote Storage  |e QK1 .S93  |h Library of Congress classification  |i unmediated -- volume  |k v.113  |l 2019  |m A14851480047  |p ric  |s JLF  |t 0 
952 f f |a Texas A&M University  |b Rellis Campus  |c Joint Library Facility  |d Remote Storage  |e QK1 .S93  |h Library of Congress classification  |i unmediated -- volume  |k v.87  |l 1993  |m A14818421623  |p ric  |s JLF  |t 0 
952 f f |a Texas A&M University  |b Rellis Campus  |c Joint Library Facility  |d Remote Storage  |e QK1 .S93  |h Library of Congress classification  |i unmediated -- volume  |k v.65  |l 1971  |m A14852543538  |p ric  |s JLF  |t 0 
952 f f |a Texas A&M University  |b Rellis Campus  |c Joint Library Facility  |d Remote Storage  |e QK1 .S93  |h Library of Congress classification  |i unmediated -- volume  |k v.94  |l 2000  |m A14827363785  |p ric  |s JLF  |t 0 
952 f f |a Texas A&M University  |b Rellis Campus  |c Joint Library Facility  |d Remote Storage  |e QK1 .S93  |h Library of Congress classification  |i unmediated -- volume  |k v.23  |l 1929  |m A14852543116  |p ric  |s JLF  |t 0 
952 f f |a Texas A&M University  |b Rellis Campus  |c Joint Library Facility  |d Remote Storage  |e QK1 .S93  |h Library of Congress classification  |i unmediated -- volume  |k v.100  |l 2006  |m A14836400196  |p ric  |s JLF  |t 0 
952 f f |a Texas A&M University  |b Rellis Campus  |c Joint Library Facility  |d Remote Storage  |e QK1 .S93  |h Library of Congress classification  |i unmediated -- volume  |k v.109  |l 2015  |m A14843536609  |p ric  |s JLF  |t 0 
952 f f |a Texas A&M University  |b Rellis Campus  |c Joint Library Facility  |d Remote Storage  |e QK1 .S93  |h Library of Congress classification  |i unmediated -- volume  |k v.10  |l 1916  |m A14852542985  |p ric  |s JLF  |t 0 
952 f f |a Texas A&M University  |b Rellis Campus  |c Joint Library Facility  |d Remote Storage  |e QK1 .S93  |h Library of Congress classification  |i unmediated -- volume  |k v.44  |l 1950  |m A14852543322  |p ric  |s JLF  |t 0 
952 f f |a Texas A&M University  |b Rellis Campus  |c Joint Library Facility  |d Remote Storage  |e QK1 .S93  |h Library of Congress classification  |i unmediated -- volume  |k v.4  |l 1910  |m A14852542928  |p ric  |s JLF  |t 0 
952 f f |a Texas A&M University  |b Rellis Campus  |c Joint Library Facility  |d Remote Storage  |e QK1 .S93  |h Library of Congress classification  |i unmediated -- volume  |k v.74  |l 1980  |m A14852543629  |p ric  |s JLF  |t 0 
952 f f |a Texas A&M University  |b Rellis Campus  |c Joint Library Facility  |d Remote Storage  |e QK1 .S93  |h Library of Congress classification  |i unmediated -- volume  |k v.36  |l 1942  |m A14852543249  |p ric  |s JLF  |t 0 
952 f f |a Texas A&M University  |b Rellis Campus  |c Joint Library Facility  |d Remote Storage  |e QK1 .S93  |h Library of Congress classification  |i unmediated -- volume  |k v.60  |l 1966  |m A14852543488  |p ric  |s JLF  |t 0 
952 f f |a Texas A&M University  |b Rellis Campus  |c Joint Library Facility  |d Remote Storage  |e QK1 .S93  |h Library of Congress classification  |i unmediated -- volume  |k v.49  |l 1955  |m A14852543371  |p ric  |s JLF  |t 0 
952 f f |a Texas A&M University  |b Rellis Campus  |c Joint Library Facility  |d Remote Storage  |e QK1 .S93  |h Library of Congress classification  |i unmediated -- volume  |k v.108  |l 2014  |m A14843058224  |p ric  |s JLF  |t 0 
952 f f |a Texas A&M University  |b Rellis Campus  |c Joint Library Facility  |d Remote Storage  |e QK1 .S93  |h Library of Congress classification  |i unmediated -- volume  |k v.59  |l 1965  |m A14852543470  |p ric  |s JLF  |t 0 
952 f f |a Texas A&M University  |b Rellis Campus  |c Joint Library Facility  |d Remote Storage  |e QK1 .S93  |h Library of Congress classification  |i unmediated -- volume  |k v.56  |l 1962  |m A14852543447  |p ric  |s JLF  |t 0 
952 f f |a Texas A&M University  |b Rellis Campus  |c Joint Library Facility  |d Remote Storage  |e QK1 .S93  |h Library of Congress classification  |i unmediated -- volume  |k v.102  |l 2008  |m A14838937034  |p ric  |s JLF  |t 0 
952 f f |a Texas A&M University  |b Rellis Campus  |c Joint Library Facility  |d Remote Storage  |e QK1 .S93  |h Library of Congress classification  |i unmediated -- volume  |k v.51  |l 1957  |m A14852543397  |p ric  |s JLF  |t 0 
952 f f |a Texas A&M University  |b Rellis Campus  |c Joint Library Facility  |d Remote Storage  |e QK1 .S93  |h Library of Congress classification  |i unmediated -- volume  |k v.52  |l 1958  |m A14852543405  |p ric  |s JLF  |t 0 
952 f f |a Texas A&M University  |b Rellis Campus  |c Joint Library Facility  |d Remote Storage  |e QK1 .S93  |h Library of Congress classification  |i unmediated -- volume  |k v.115  |l 2021  |m A14850362550  |p ric  |s JLF  |t 0 
952 f f |a Texas A&M University  |b Rellis Campus  |c Joint Library Facility  |d Remote Storage  |e QK1 .S93  |h Library of Congress classification  |i unmediated -- volume  |k v.95  |l 2001  |m A14830363451  |p ric  |s JLF  |t 0 
952 f f |a Texas A&M University  |b Rellis Campus  |c Joint Library Facility  |d Remote Storage  |e QK1 .S93  |h Library of Congress classification  |i unmediated -- volume  |k v.26  |l 1932  |m A14852543140  |p ric  |s JLF  |t 0 
952 f f |a Texas A&M University  |b Rellis Campus  |c Joint Library Facility  |d Remote Storage  |e QK1 .S93  |h Library of Congress classification  |i unmediated -- volume  |k v.53  |l 1959  |m A14852543413  |p ric  |s JLF  |t 0 
952 f f |a Texas A&M University  |b Rellis Campus  |c Joint Library Facility  |d Remote Storage  |e QK1 .S93  |h Library of Congress classification  |i unmediated -- volume  |k v.69  |l 1975  |m A14852543579  |p ric  |s JLF  |t 0 
952 f f |a Texas A&M University  |b Rellis Campus  |c Joint Library Facility  |d Remote Storage  |e QK1 .S93  |h Library of Congress classification  |i unmediated -- volume  |k v.2  |l 1908  |m A14852542902  |p ric  |s JLF  |t 0 
952 f f |a Texas A&M University  |b Rellis Campus  |c Joint Library Facility  |d Remote Storage  |e QK1 .S93  |h Library of Congress classification  |i unmediated -- volume  |k v.96  |l 2002  |m A14830363605  |p ric  |s JLF  |t 0 
952 f f |a Texas A&M University  |b Rellis Campus  |c Joint Library Facility  |d Remote Storage  |e QK1 .S93  |h Library of Congress classification  |i unmediated -- volume  |k v.41  |l 1947  |m A14852543298  |p ric  |s JLF  |t 0 
952 f f |a Texas A&M University  |b Rellis Campus  |c Joint Library Facility  |d Remote Storage  |e QK1 .S93  |h Library of Congress classification  |i unmediated -- volume  |k v.71  |l 1977  |m A14852543595  |p ric  |s JLF  |t 0 
952 f f |a Texas A&M University  |b Rellis Campus  |c Joint Library Facility  |d Remote Storage  |e QK1 .S93  |h Library of Congress classification  |i unmediated -- volume  |k v.117  |l 2023  |m A14852072090  |p ric  |s JLF  |t 0 
952 f f |a Texas A&M University  |b Rellis Campus  |c Joint Library Facility  |d Remote Storage  |e QK1 .S93  |h Library of Congress classification  |i unmediated -- volume  |k v.20  |l 1926  |m A14852543082  |p ric  |s JLF  |t 0 
952 f f |a Texas A&M University  |b Rellis Campus  |c Joint Library Facility  |d Remote Storage  |e QK1 .S93  |h Library of Congress classification  |i unmediated -- volume  |k v.42  |l 1948  |m A14852543306  |p ric  |s JLF  |t 0 
952 f f |a Texas A&M University  |b Rellis Campus  |c Joint Library Facility  |d Remote Storage  |e QK1 .S93  |h Library of Congress classification  |i unmediated -- volume  |k v.37  |l 1943  |m A14852543256  |p ric  |s JLF  |t 0 
952 f f |a Texas A&M University  |b Rellis Campus  |c Joint Library Facility  |d Remote Storage  |e QK1 .S93  |h Library of Congress classification  |i unmediated -- volume  |k v.33  |l 1939  |m A14852543215  |p ric  |s JLF  |t 0 
952 f f |a Texas A&M University  |b Rellis Campus  |c Joint Library Facility  |d Remote Storage  |e QK1 .S93  |h Library of Congress classification  |i unmediated -- volume  |k v.106  |l 2012  |m A14843058315  |p ric  |s JLF  |t 0 
952 f f |a Texas A&M University  |b Rellis Campus  |c Joint Library Facility  |d Remote Storage  |e QK1 .S93  |h Library of Congress classification  |i unmediated -- volume  |k v.105  |l 2011  |m A14843058216  |p ric  |s JLF  |t 0 
952 f f |a Texas A&M University  |b Rellis Campus  |c Joint Library Facility  |d Remote Storage  |e QK1 .S93  |h Library of Congress classification  |i unmediated -- volume  |k v.86  |l 1992  |m A14817181018  |p ric  |s JLF  |t 0 
952 f f |a Texas A&M University  |b Rellis Campus  |c Joint Library Facility  |d Remote Storage  |e QK1 .S93  |h Library of Congress classification  |i unmediated -- volume  |k v.72  |l 1978  |m A14852543603  |p ric  |s JLF  |t 0 
952 f f |a Texas A&M University  |b Rellis Campus  |c Joint Library Facility  |d Remote Storage  |e QK1 .S93  |h Library of Congress classification  |i unmediated -- volume  |k v.38  |l 1944  |m A14852543264  |p ric  |s JLF  |t 0 
952 f f |a Texas A&M University  |b Rellis Campus  |c Joint Library Facility  |d Remote Storage  |e QK1 .S93  |h Library of Congress classification  |i unmediated -- volume  |k v.89  |l 1995  |m A14819934899  |p ric  |s JLF  |t 0 
952 f f |a Texas A&M University  |b Rellis Campus  |c Joint Library Facility  |d Remote Storage  |e QK1 .S93  |h Library of Congress classification  |i unmediated -- volume  |k v.112  |l 2018  |m A14850931909  |p ric  |s JLF  |t 0 
952 f f |a Texas A&M University  |b Rellis Campus  |c Joint Library Facility  |d Remote Storage  |e QK1 .S93  |h Library of Congress classification  |i unmediated -- volume  |k v.27  |l 1933  |m A14852543157  |p ric  |s JLF  |t 0 
952 f f |a Texas A&M University  |b Rellis Campus  |c Joint Library Facility  |d Remote Storage  |e QK1 .S93  |h Library of Congress classification  |i unmediated -- volume  |k v.114  |l 2020  |m A14851801598  |p ric  |s JLF  |t 0 
952 f f |a Texas A&M University  |b Rellis Campus  |c Joint Library Facility  |d Remote Storage  |e QK1 .S93  |h Library of Congress classification  |i unmediated -- volume  |k v.3  |l 1909  |m A14852542910  |p ric  |s JLF  |t 0 
952 f f |a Texas A&M University  |b Rellis Campus  |c Joint Library Facility  |d Remote Storage  |e QK1 .S93  |h Library of Congress classification  |i unmediated -- volume  |k v.5  |l 1911  |m A14852542936  |p ric  |s JLF  |t 0 
952 f f |a Texas A&M University  |b Rellis Campus  |c Joint Library Facility  |d Remote Storage  |e QK1 .S93  |h Library of Congress classification  |i unmediated -- volume  |k v.76  |l 1982  |m A14852543645  |p ric  |s JLF  |t 0 
952 f f |a Texas A&M University  |b Rellis Campus  |c Joint Library Facility  |d Remote Storage  |e QK1 .S93  |h Library of Congress classification  |i unmediated -- volume  |k v.32  |l 1938  |m A14852543207  |p ric  |s JLF  |t 0 
952 f f |a Texas A&M University  |b Rellis Campus  |c Joint Library Facility  |d Remote Storage  |e QK1 .S93  |h Library of Congress classification  |i unmediated -- volume  |k v.67  |l 1973  |m A14852543553  |p ric  |s JLF  |t 0 
952 f f |a Texas A&M University  |b Rellis Campus  |c Joint Library Facility  |d Remote Storage  |e QK1 .S93  |h Library of Congress classification  |i unmediated -- volume  |k v.12  |l 1918  |m A14852543009  |p ric  |s JLF  |t 0 
952 f f |a Texas A&M University  |b Rellis Campus  |c Joint Library Facility  |d Remote Storage  |e QK1 .S93  |h Library of Congress classification  |i unmediated -- volume  |k v.91  |l 1997  |m A14823763006  |p ric  |s JLF  |t 0 
952 f f |a Texas A&M University  |b Rellis Campus  |c Joint Library Facility  |d Remote Storage  |e QK1 .S93  |h Library of Congress classification  |i unmediated -- volume  |k v.81  |l 1987  |m A14811369090  |p ric  |s JLF  |t 0 
952 f f |a Texas A&M University  |b Rellis Campus  |c Joint Library Facility  |d Remote Storage  |e QK1 .S93  |h Library of Congress classification  |i unmediated -- volume  |k v.21  |l 1927  |m A14852543090  |p ric  |s JLF  |t 0 
952 f f |a Texas A&M University  |b Rellis Campus  |c Joint Library Facility  |d Remote Storage  |e QK1 .S93  |h Library of Congress classification  |i unmediated -- volume  |k v.101  |l 2007  |m A14834748548  |p ric  |s JLF  |t 0 
952 f f |a Texas A&M University  |b Rellis Campus  |c Joint Library Facility  |d Remote Storage  |e QK1 .S93  |h Library of Congress classification  |i unmediated -- volume  |k v.66  |l 1972  |m A14852543546  |p ric  |s JLF  |t 0 
952 f f |a Texas A&M University  |b Rellis Campus  |c Joint Library Facility  |d Remote Storage  |e QK1 .S93  |h Library of Congress classification  |i unmediated -- volume  |k v.54  |l 1960  |m A14852543421  |p ric  |s JLF  |t 0 
952 f f |a Texas A&M University  |b Rellis Campus  |c Joint Library Facility  |d Remote Storage  |e QK1 .S93  |h Library of Congress classification  |i unmediated -- volume  |k v.31  |l 1937  |m A14852543199  |p ric  |s JLF  |t 0 
952 f f |a Texas A&M University  |b Rellis Campus  |c Joint Library Facility  |d Remote Storage  |e QK1 .S93  |h Library of Congress classification  |i unmediated -- volume  |k v.107  |l 2013  |m A14843058117  |p ric  |s JLF  |t 0 
952 f f |a Texas A&M University  |b Rellis Campus  |c Joint Library Facility  |d Remote Storage  |e QK1 .S93  |h Library of Congress classification  |i unmediated -- volume  |k v.16  |l 1922  |m A14852543041  |p ric  |s JLF  |t 0 
952 f f |a Texas A&M University  |b Rellis Campus  |c Joint Library Facility  |d Remote Storage  |e QK1 .S93  |h Library of Congress classification  |i unmediated -- volume  |k v.13  |l 1919  |m A14852543017  |p ric  |s JLF  |t 0 
952 f f |a Texas A&M University  |b Rellis Campus  |c Joint Library Facility  |d Remote Storage  |e QK1 .S93  |h Library of Congress classification  |i unmediated -- volume  |k v.90  |l 1996  |m A14821977510  |p ric  |s JLF  |t 0 
952 f f |a Texas A&M University  |b Rellis Campus  |c Joint Library Facility  |d Remote Storage  |e QK1 .S93  |h Library of Congress classification  |i unmediated -- volume  |k v.19  |l 1925  |m A14852543074  |p ric  |s JLF  |t 0 
952 f f |a Texas A&M University  |b Rellis Campus  |c Joint Library Facility  |d Remote Storage  |e QK1 .S93  |h Library of Congress classification  |i unmediated -- volume  |k v.110  |l 2016  |m A14843549602  |p ric  |s JLF  |t 0 
952 f f |a Texas A&M University  |b Rellis Campus  |c Joint Library Facility  |d Remote Storage  |e QK1 .S93  |h Library of Congress classification  |i unmediated -- volume  |k v.78  |l 1984  |m A14852543660  |p ric  |s JLF  |t 0 
952 f f |a Texas A&M University  |b Rellis Campus  |c Joint Library Facility  |d Remote Storage  |e QK1 .S93  |h Library of Congress classification  |i unmediated -- volume  |k v.55  |l 1961  |m A14852543439  |p ric  |s JLF  |t 0 
952 f f |a Texas A&M University  |b Rellis Campus  |c Joint Library Facility  |d Remote Storage  |e QK1 .S93  |h Library of Congress classification  |i unmediated -- volume  |k v.50  |l 1956  |m A14852543389  |p ric  |s JLF  |t 0 
952 f f |a Texas A&M University  |b Rellis Campus  |c Joint Library Facility  |d Remote Storage  |e QK1 .S93  |h Library of Congress classification  |i unmediated -- volume  |k v.98  |l 2004  |m A14833681167  |p ric  |s JLF  |t 0 
952 f f |a Texas A&M University  |b Rellis Campus  |c Joint Library Facility  |d Remote Storage  |e QK1 .S93  |h Library of Congress classification  |i unmediated -- volume  |k v.30  |l 1936  |m A14852543181  |p ric  |s JLF  |t 0 
952 f f |a Texas A&M University  |b Rellis Campus  |c Joint Library Facility  |d Remote Storage  |e QK1 .S93  |h Library of Congress classification  |i unmediated -- volume  |k v.88  |l 1994  |m A14819033774  |p ric  |s JLF  |t 0 
952 f f |a Texas A&M University  |b Rellis Campus  |c Joint Library Facility  |d Remote Storage  |e QK1 .S93  |h Library of Congress classification  |i unmediated -- volume  |k v.63  |l 1969  |m A14852543512  |p ric  |s JLF  |t 0 
952 f f |a Texas A&M University  |b Rellis Campus  |c Joint Library Facility  |d Remote Storage  |e QK1 .S93  |h Library of Congress classification  |i unmediated -- volume  |k v.93  |l 1999  |m A14827363743  |p ric  |s JLF  |t 0 
952 f f |a Texas A&M University  |b Rellis Campus  |c Joint Library Facility  |d Remote Storage  |e QK1 .S93  |h Library of Congress classification  |i unmediated -- volume  |k v.68  |l 1974  |m A14852543561  |p ric  |s JLF  |t 0 
952 f f |a Texas A&M University  |b Rellis Campus  |c Joint Library Facility  |d Remote Storage  |e QK1 .S93  |h Library of Congress classification  |i unmediated -- volume  |k v.85  |l 1991  |m A14815322820  |p ric  |s JLF  |t 0 
952 f f |a Texas A&M University  |b Rellis Campus  |c Joint Library Facility  |d Remote Storage  |e QK1 .S93  |h Library of Congress classification  |i unmediated -- volume  |k v.82  |l 1988  |m A14811938962  |p ric  |s JLF  |t 0 
952 f f |a Texas A&M University  |b Rellis Campus  |c Joint Library Facility  |d Remote Storage  |e QK1 .S93  |h Library of Congress classification  |i unmediated -- volume  |k v.73  |l 1979  |m A14852543611  |p ric  |s JLF  |t 0 
952 f f |a Texas A&M University  |b Rellis Campus  |c Joint Library Facility  |d Remote Storage  |e QK1 .S93  |h Library of Congress classification  |i unmediated -- volume  |k v.35  |l 1941  |m A14852543231  |p ric  |s JLF  |t 0 
952 f f |a Texas A&M University  |b Rellis Campus  |c Joint Library Facility  |d Remote Storage  |e QK1 .S93  |h Library of Congress classification  |i unmediated -- volume  |k v.79  |l 1985  |m A14852543678  |p ric  |s JLF  |t 0 
952 f f |a Texas A&M University  |b Rellis Campus  |c Joint Library Facility  |d Remote Storage  |e QK1 .S93  |h Library of Congress classification  |i unmediated -- volume  |k v.116  |l 2022  |m A14851841230  |p ric  |s JLF  |t 0 
952 f f |a Texas A&M University  |b Rellis Campus  |c Joint Library Facility  |d Remote Storage  |e QK1 .S93  |h Library of Congress classification  |i unmediated -- volume  |k v.8  |l 1914  |m A14852542969  |p ric  |s JLF  |t 0 
952 f f |a Texas A&M University  |b Rellis Campus  |c Joint Library Facility  |d Remote Storage  |e QK1 .S93  |h Library of Congress classification  |i unmediated -- volume  |k v.62  |l 1968  |m A14852543504  |p ric  |s JLF  |t 0 
952 f f |a Texas A&M University  |b Rellis Campus  |c Joint Library Facility  |d Remote Storage  |e QK1 .S93  |h Library of Congress classification  |i unmediated -- volume  |k v.99  |l 2005  |m A14833466703  |p ric  |s JLF  |t 0 
952 f f |a Texas A&M University  |b Rellis Campus  |c Joint Library Facility  |d Remote Storage  |e QK1 .S93  |h Library of Congress classification  |i unmediated -- volume  |k v.75  |l 1981  |m A14852543637  |p ric  |s JLF  |t 0 
952 f f |a Texas A&M University  |b Rellis Campus  |c Joint Library Facility  |d Remote Storage  |e QK1 .S93  |h Library of Congress classification  |i unmediated -- volume  |k v.84  |l 1990  |m A14814674517  |p ric  |s JLF  |t 0 
952 f f |a Texas A&M University  |b Rellis Campus  |c Joint Library Facility  |d Remote Storage  |e QK1 .S93  |h Library of Congress classification  |i unmediated -- volume  |k v.14  |l 1920  |m A14852543025  |p ric  |s JLF  |t 0 
952 f f |a Texas A&M University  |b Rellis Campus  |c Joint Library Facility  |d Remote Storage  |e QK1 .S93  |h Library of Congress classification  |i unmediated -- volume  |k v.39  |l 1945  |m A14852543272  |p ric  |s JLF  |t 0 
952 f f |a Texas A&M University  |b Rellis Campus  |c Joint Library Facility  |d Remote Storage  |e QK1 .S93  |h Library of Congress classification  |i unmediated -- volume  |k v.1  |l 1907  |m A14852542894  |p ric  |s JLF  |t 0 
952 f f |a Texas A&M University  |b Rellis Campus  |c Joint Library Facility  |d Remote Storage  |e QK1 .S93  |h Library of Congress classification  |i unmediated -- volume  |k v.77  |l 1983  |m A14852543652  |p ric  |s JLF  |t 0 
952 f f |a Texas A&M University  |b Rellis Campus  |c Joint Library Facility  |d Remote Storage  |e QK1 .S93  |h Library of Congress classification  |i unmediated -- volume  |k v.9  |l 1915  |m A14852542977  |p ric  |s JLF  |t 0 
952 f f |a Texas A&M University  |b Rellis Campus  |c Joint Library Facility  |d Remote Storage  |e QK1 .S93  |h Library of Congress classification  |i unmediated -- volume  |k v.6  |l 1912  |m A14852542944  |p ric  |s JLF  |t 0 
952 f f |a Texas A&M University  |b Rellis Campus  |c Joint Library Facility  |d Remote Storage  |e QK1 .S93  |h Library of Congress classification  |i unmediated -- volume  |k v.24  |l 1930  |m A14852543124  |p ric  |s JLF  |t 0 
952 f f |a Texas A&M University  |b Rellis Campus  |c Joint Library Facility  |d Remote Storage  |e QK1 .S93  |h Library of Congress classification  |i unmediated -- volume  |k v.70  |l 1976  |m A14852543587  |p ric  |s JLF  |t 0 
952 f f |a Texas A&M University  |b Rellis Campus  |c Joint Library Facility  |d Remote Storage  |e QK1 .S93  |h Library of Congress classification  |i unmediated -- volume  |k v.22  |l 1928  |m A14852543108  |p ric  |s JLF  |t 0 
952 f f |a Texas A&M University  |b Rellis Campus  |c Joint Library Facility  |d Remote Storage  |e QK1 .S93  |h Library of Congress classification  |i unmediated -- volume  |k v.61  |l 1967  |m A14852543496  |p ric  |s JLF  |t 0 
952 f f |a Texas A&M University  |b Rellis Campus  |c Joint Library Facility  |d Remote Storage  |e QK1 .S93  |h Library of Congress classification  |i unmediated -- volume  |k v.104:Suppl.1  |l 2010  |m A14843061756  |p ric  |s JLF  |t 0 
952 f f |a Texas A&M University  |b Rellis Campus  |c Joint Library Facility  |d Remote Storage  |e QK1 .S93  |h Library of Congress classification  |i unmediated -- volume  |k v.7  |l 1913  |m A14852542951  |p ric  |s JLF  |t 0 
952 f f |a Texas A&M University  |b Rellis Campus  |c Joint Library Facility  |d Remote Storage  |e QK1 .S93  |h Library of Congress classification  |i unmediated -- volume  |k v.48  |l 1954  |m A14852543363  |p ric  |s JLF  |t 0 
952 f f |a Texas A&M University  |b Rellis Campus  |c Joint Library Facility  |d Remote Storage  |e QK1 .S93  |h Library of Congress classification  |i unmediated -- volume  |k v.17  |l 1923  |m A14852543058  |p ric  |s JLF  |t 0 
952 f f |a Texas A&M University  |b Rellis Campus  |c Joint Library Facility  |d Remote Storage  |e QK1 .S93  |h Library of Congress classification  |i unmediated -- volume  |k v.45  |l 1951  |m A14852543330  |p ric  |s JLF  |t 0 
952 f f |a Texas A&M University  |b Rellis Campus  |c Joint Library Facility  |d Remote Storage  |e QK1 .S93  |h Library of Congress classification  |i unmediated -- volume  |k v.40  |l 1946  |m A14852543280  |p ric  |s JLF  |t 0 
952 f f |a Texas A&M University  |b Rellis Campus  |c Joint Library Facility  |d Remote Storage  |e QK1 .S93  |h Library of Congress classification  |i unmediated -- volume  |k v.57  |l 1963  |m A14852543454  |p ric  |s JLF  |t 0 
952 f f |a Texas A&M University  |b Rellis Campus  |c Joint Library Facility  |d Remote Storage  |e QK1 .S93  |h Library of Congress classification  |i unmediated -- volume  |k v.83  |l 1989  |m A14812079884  |p ric  |s JLF  |t 0 
952 f f |a Texas A&M University  |b Rellis Campus  |c Joint Library Facility  |d Remote Storage  |e QK1 .S93  |h Library of Congress classification  |i unmediated -- volume  |k v.80  |l 1986  |m A14852543686  |p ric  |s JLF  |t 0 
952 f f |a Texas A&M University  |b Rellis Campus  |c Joint Library Facility  |d Remote Storage  |e QK1 .S93  |h Library of Congress classification  |i unmediated -- volume  |k v.64  |l 1970  |m A14852543520  |p ric  |s JLF  |t 0 
952 f f |a Texas A&M University  |b Rellis Campus  |c Joint Library Facility  |d Remote Storage  |e QK1 .S93  |h Library of Congress classification  |i unmediated -- volume  |k v.25  |l 1931  |m A14852543132  |p ric  |s JLF  |t 0 
952 f f |a Texas A&M University  |b Rellis Campus  |c Joint Library Facility  |d Remote Storage  |e QK1 .S93  |h Library of Congress classification  |i unmediated -- volume  |k v.46  |l 1952  |m A14852543348  |p ric  |s JLF  |t 0 
952 f f |a Texas A&M University  |b Rellis Campus  |c Joint Library Facility  |d Remote Storage  |e QK1 .S93  |h Library of Congress classification  |i unmediated -- volume  |k v.11  |l 1917  |m A14852542993  |p ric  |s JLF  |t 0 
952 f f |a Texas A&M University  |b Rellis Campus  |c Joint Library Facility  |d Remote Storage  |e QK1 .S93  |h Library of Congress classification  |i unmediated -- volume  |k v.58  |l 1964  |m A14852543462  |p ric  |s JLF  |t 0 
952 f f |a Texas A&M University  |b Rellis Campus  |c Joint Library Facility  |d Remote Storage  |e QK1 .S93  |h Library of Congress classification  |i unmediated -- volume  |k v.104  |l 2010  |m A14843058208  |p ric  |s JLF  |t 0 
952 f f |a Texas A&M University  |b Rellis Campus  |c Joint Library Facility  |d Remote Storage  |e QK1 .S93  |h Library of Congress classification  |i unmediated -- volume  |k v.111:hafte 1,3-6  |l 2017  |m A14850391732  |p ric  |s JLF  |t 0 
952 f f |a Texas A&M University  |b Rellis Campus  |c Joint Library Facility  |d Remote Storage  |e QK1 .S93  |h Library of Congress classification  |i unmediated -- volume  |k v.92  |l 1998  |m A14825281131  |p ric  |s JLF  |t 0 
952 f f |a Texas A&M University  |b College Station  |c Sterling C. Evans Library  |s Evans stk  |d Evans: Library Stacks  |t 0  |e QK1 .S93  |h Library of Congress classification 
998 f f |a QK1 .S93  |s v.112-117 (2018-2023)  |t 0  |l Remote Storage 
998 f f |a QK1 .S93  |s v.112-117 (2018-2023)  |t 0  |l Evans: Library Stacks